Online
Catalog

El justo que se inmoló : (Record no. 47342)

MARC details
000 -CABECERA
campo de control de longitud fija 01847nam a2200361 i 4500
001 - NÚMERO DE CONTROL
campo de control 000047854
003 - IDENTIFICADOR DEL NÚMERO DE CONTROL
campo de control DO-SdBNP
005 - FECHA Y HORA DE LA ÚLTIMA TRANSACCIÓN
campo de control 20250204093942.0
006 - CÓDIGOS DE INFORMACIÓN DE LONGITUD FIJA--CARACTERÍSTICAS DEL MATERIAL ADICIONAL
campo de control de longitud fija a||||gr|||| 00| 0
007 - CAMPO FIJO DE DESCRIPCIÓN FÍSICA--INFORMACIÓN GENERAL
campo de control de longitud fija ta
008 - DATOS DE LONGITUD FIJA--INFORMACIÓN GENERAL
campo de control de longitud fija 180830e2013 dr aoc gr 001 edspa d
020 ## - NÚMERO INTERNACIONAL ESTÁNDAR DEL LIBRO
Número Internacional Estándar del Libro 9789945009828
040 ## - FUENTE DE LA CATALOGACIÓN
Centro catalogador/agencia de origen DO-SdBNP
Lengua de catalogación spa
Centro/agencia transcriptor BNPHU
Normas de descripción rda
082 #4 - NÚMERO DE LA CLASIFICACIÓN DECIMAL DEWEY
Número de clasificación xxx
Número de documento/Ítem F363j
Número de edición 22
100 1# - ENTRADA PRINCIPAL--NOMBRE DE PERSONA
Nombre de persona Fernández Pichardo, Simón Tomas,
Término indicativo de función/relación 1932-
Fechas asociadas al nombre autor
Código de función/relación aut.
9 (RLIN) 75416
245 13 - MENCIÓN DE TÍTULO
Título El justo que se inmoló :
Resto del título Manolo Tavárez Justo /
Mención de responsabilidad, etc. Simón Tomás Fernández Pichardo ; edición y arte final, Carmen Pérez Valerio ; fotografías, Enilda Milagros Fernández Pimentel
264 #1 - PRODUCCIÓN, PUBLICACIÓN, DISTRIBUCIÓN, FABRICACIÓN Y COPYRIGHT
Producción, publicación, distribución, fabricación y copyright Santo Domingo :
Nombre del de productor, editor, distribuidor, fabricante Editor Wikiprint,
Fecha de producción, publicación, distribución, fabricación o copyright 2013.
300 ## - DESCRIPCIÓN FÍSICA
Extensión 139 páginas :
Otras características físicas Iustraciones., fotografías, retratos ;
Dimensiones 25 cm.
336 ## - TIPO DE CONTENIDO
Término de tipo de contenido texto
Código de tipo de contenido txt
Fuente rdacontent
337 ## - TIPO DE MEDIO
Nombre/término del tipo de medio sin mediación
Código del tipo de medio n
Fuente rdamedia
338 ## - TIPO DE SOPORTE
Nombre/término del tipo de soporte volumen
Código del tipo de soporte nc
Fuente rdacarrier
500 ## - NOTA GENERAL
Nota general Incluye datas biográficos del autor en las solapas de las cubiertas.
500 ## - NOTA GENERAL
Nota general En homejo a Manolo Tavárez Justo, Minerva Mirabal y amigos del Movimiento 14 de Junio
505 0# - NOTA DE CONTENIDO CON FORMATO
Nota de contenido con formato Agradecimiento --
Título prólogo --
-- Recuento de la memoria --
-- Realación con Manolo Tavárez Justo y otros dirigentes del Movimiento 14 de Junio
-- Asesinato de las Hermanas Mirabal --
-- Liberación de Manolo Tavárez Justo y continuidad de la lucha patriótica.
590 ## - NOTA LOCAL (RLIN)
Nota local Inventariado, 2024 / MF
600 14 - PUNTO DE ACCESO ADICIONAL DE MATERIA--NOMBRE DE PERSONA
Nombre de persona Tavárez Justo, Manolo,
9 (RLIN) 35025
Fechas asociadas al nombre 1931-1963
650 #4 - PUNTO DE ACCESO ADICIONAL DE MATERIA--TÉRMINO DE MATERIA
9 (RLIN) 1376
Término de materia o nombre geográfico como elemento de entrada Movimientos Revolucionarios
Subdivisión general 14 de junio
Subdivisión geográfica República Dominicana
650 #4 - PUNTO DE ACCESO ADICIONAL DE MATERIA--TÉRMINO DE MATERIA
9 (RLIN) 79488
Término de materia o nombre geográfico como elemento de entrada Relatos
Subdivisión de forma Hermanas Mirabal
Subdivisión cronológica 1961 - 1963
Subdivisión geográfica República Dominicana
651 #4 - PUNTO DE ACCESO ADICIONAL DE MATERIA--NOMBRE GEOGRÁFICO
9 (RLIN) 83082
Nombre geográfico República Dominicana
Subdivisión de forma Biografías
Subdivisión general Historia
Subdivisión cronológica 1931-1963
700 1# - PUNTO DE ACCESO ADICIONAL--NOMBRE DE PERSONA
9 (RLIN) 24605
Nombre de persona Pérez Valerio, Carmen,
Término indicativo de función/relación editor
Código de función/relación ed.
700 1# - PUNTO DE ACCESO ADICIONAL--NOMBRE DE PERSONA
Nombre de persona Fernández Pimentel, Enilda Milagros,
Término indicativo de función/relación fotógrafo
9 (RLIN) 83084
Código de función/relación fot.
942 ## - ELEMENTOS DE PUNTO DE ACCESO ADICIONAL (KOHA)
Fuente del sistema de clasificación o colocación Dewey Decimal Classification
Tipo de ítem Koha Libro
Holdings
Estado de retiro Estado de pérdida Fuente del sistema de clasificación o colocación Restricciones de uso No para préstamo Código de colección Localización permanente Ubicación/localización actual Ubicación en estantería Fecha de adquisición Signatura topográfica completa Código de barras Fecha visto por última vez Precio válido a partir de Tipo de ítem Koha Fuente de adquisición Total de préstamos Número de copia Nota pública
    Dewey Decimal Classification Excluido de préstamo   Patrimonio Dominicano Biblioteca Nacional Pedro Henríquez Ureña Biblioteca Nacional Pedro Henríquez Ureña En catalogación 30.08.2018 BNPHU PD F363j 47854-10 25.06.2020 25.06.2020 Libro        
    Dewey Decimal Classification Excluido de préstamo   Patrimonio Dominicano Biblioteca Nacional Pedro Henríquez Ureña Biblioteca Nacional Pedro Henríquez Ureña En catalogación 21.03.2022 BNPHU PD F363j 2023-0736 07.02.2023 07.02.2023 Libro Doando por el Mov. Convergencia CDP   e.2  
    Dewey Decimal Classification Préstamo en sala   Dominicana de Servicio Biblioteca Nacional Pedro Henríquez Ureña Biblioteca Nacional Pedro Henríquez Ureña En catalogación 08.04.2023 BNPHU DS F363j 2024-1913 08.04.2024 08.04.2024 Libro Donado por la Presidencia de la República Dominicana 2023.   e.3 Perteneció a la biblioteca personal de Emilio Cordero Michel.

Powered by Koha